Krimi krížovky Majora Popoviča
| Previous Title: | Krimi krížovky (nielen) zo súdnej siene |
|---|---|
| Other Authors: | |
| Format: | Journal |
| Language: | Slovak |
| PhysicalDescription: | zv. 21-26,5 cm |
| Published: |
Bratislava
Redima, s.r.o.
2019-
Bratislava Redima Plus, s.r.o. |
| ISSN: | 2644-7231 1338-1636 |
| Subjects: |
MARC
| LEADER | 00000cas a2200000 a 4500 | ||
|---|---|---|---|
| 001 | vtls011880911 | ||
| 003 | SK-MaSNL | ||
| 005 | 20260502000227.0 | ||
| 008 | 190808c20199999xo mr p 0 b0slo | ||
| 022 | |a 2644-7231 |y 1338-1636 | ||
| 040 | |a SNK |b slo |c SNK |e AACR2 | ||
| 041 | 0 | |a slo | |
| 044 | |a xo |c SK | ||
| 072 | 7 | |a 79 |x Rekreácia. Voľný čas. Zábavy. Hry. Šport |2 konspekt | |
| 080 | |a 793.7 |2 2011 | ||
| 080 | |a 050 |2 2011 | ||
| 080 | |a 379.8(051) |2 2011 | ||
| 210 | |a Krimi kríž. Majora Popoviča | ||
| 222 | |a Krimi krížovky Majora Popoviča | ||
| 245 | 0 | 0 | |a Krimi krížovky Majora Popoviča |
| 260 | |a Bratislava |b Redima, s.r.o. |c 2019- | ||
| 260 | |3 2022- |a Bratislava |b Redima Plus, s.r.o. | ||
| 300 | |a zv. |c 21-26,5 cm | ||
| 310 | |a 1x mesačne | ||
| 362 | 0 | |a Roč. 10, č. 4 (2019)- | |
| 500 | |a Do č. 3/2019 vydávané Krimi krížovky (nielen) zo súdnej siene | ||
| 500 | |a Evidenčné číslo: 4061/10 | ||
| 500 | |a Šéfredaktorka: 4/2019- , Natália Vybošťoková | ||
| 500 | |a ISSN uvedené na časopise patrí predošlému titulu | ||
| 500 | |a Č. 10/2022 má zmenený formát | ||
| 650 | 0 | 7 | |a krížovky |2 SNKPH |9 3313 |
| 655 | 7 | |a časopisy pre voľný čas |2 SNKPH |9 70337 | |
| 700 | 1 | |a Výbošťoková, Natália |4 pbd |9 265539 | |
| 780 | 0 | 0 | |t Krimi krížovky (nielen) zo súdnej siene |x 1338-1636 |w vtls010441968 |
| 910 | |a snk | ||
| 999 | |c 13985 |d 15915 | ||
| 952 | |t č. 1-10 |a SNK |b SNK |y PREZ |7 0 |p 17A1521438 |o snkČSC 4116/13/2022 |i snk2023/12803 |8 0 |0 0 |1 0 |4 0 |d 2023-09-05 |l 0 |r 2026-02-21 19:48:49 |w 2026-02-21 | ||
| 952 | |t č. 1-10 |a SNK |b SNK |y PREZ |7 0 |p 17A1524804 |o snkČSC 4116/14/2023 |i snk2024/17106 |8 0 |0 0 |1 0 |4 0 |d 2024-11-11 |l 0 |r 2026-02-21 19:58:25 |w 2026-02-21 | ||
| 952 | |t č. 1-11 |a SNK |b SNK |y PREZ |7 0 |p 17A1462502 |o snkČSC 4116/12/2021 |i snk2022/4484 |8 0 |0 0 |1 0 |4 0 |d 2022-03-22 |l 0 |r 2026-02-21 19:59:19 |w 2026-02-21 | ||
| 952 | |t č. 1-9 |a SNK |b SNK |y PREZ |7 0 |p 17A1461007 |o snkČSC 4116/11/2020 |i snk2021/14553 |8 0 |0 0 |1 0 |4 0 |d 2021-10-05 |l 0 |r 2026-02-21 20:00:59 |w 2026-02-21 | ||
| 952 | |t č. 4-11 |a SNK |b SNK |y PREZ |7 0 |p 17A1431910 |o snkČSC 4116/10/2019 |i snk2020/19051 |8 0 |0 0 |1 0 |4 0 |d 2020-10-19 |l 0 |r 2026-02-21 22:23:20 |w 2026-02-21 | ||


